000
00341nam a22001457a 4500
008
210309b ||||| |||| 00| 0 eng d
020
_a
9780782119565
041
_a
eng
080
_2
7th
_a
004
082
_2
004
100
_a
28
101
_a
SHKI
245
_a
THE COMPELTE PC UPGRANDE & MAINTENANCE GUIDE
_c
Mark Minasi
942
_2
udc
_c
BK
999
_c
56063
_d
56063